| 000 | 00873nam a22002417a 4500 | ||
|---|---|---|---|
| 003 | UA-OsUOA | ||
| 001 | 42502 | ||
| 007 | ta | ||
| 008 | 20061108b un ||||| |||| 00| 0 ukr d | ||
| 100 | _aКоротєєва-Камінсько В. О. | ||
| 090 |
_a811.161.2 _bК83 |
||
| 942 | _cBK | ||
| 040 |
_aUA-OsUOA _bukr _cUA-OsUOA _dUA-OsUOA |
||
| 245 |
_aВикладання української мови та українознавства у вищих навчальних закладах (Історичний аспект) _bНавчальний посібник |
||
| 300 | _a304 с. | ||
| 955 | _a2 | ||
| 041 | _aukr | ||
| 080 | _a811.161.2 | ||
| 020 | _a966-370-018-1 | ||
| 260 |
_aК. _bПрофесіонал _c2006 |
||
| 650 | 7 |
_a8 Мовознавство. Художня література. Літературознавство _2UDC |
|
| 999 |
_c328635 _d328635 |
||